Programación en Pascal, Turbo Pascal
| Main Author: | |
|---|---|
| Format: | Section = Libro |
| Language: | Undetermined Spanish |
| Published: |
Colombia
Iberoamérica
1987
|
| Subjects: |
| LEADER | 00550nam a2200205Ia 4500 | ||
|---|---|---|---|
| 008 | 241007s9999||||xx |||||||||||||| ||und|| | ||
| 020 | |a 958-633-045-1 | ||
| 040 | |a BIBLIOTECA-RURC/ 005.1 Z22 | ||
| 041 | |a spa | ||
| 082 | |a 005.1 Z22 | ||
| 100 | 1 | |a Zaks, Rodnay | |
| 245 | 1 | 0 | |a Programación en Pascal, Turbo Pascal |
| 260 | |a Colombia |b Iberoamérica |c 1987 | ||
| 300 | |a 479 p. :il. | ||
| 650 | 7 | |a LENGUAJES DE PROGRAMACIÓN TURBO PASCAL | |
| 650 | 7 | |b MATRICES | |
| 650 | 7 | |c DESARROLLO DE PROGRAMAS. | |
| 942 | |c BK |2 ddc | ||
| 991 | |a TEXTO | ||
| 999 | |c 14228 | ||